00246nam a22000857a 4500082001300000100002900013245008600042260002000128300001200148 a051bREA aBeaudouin, John T. (Edt) aBest Sellers :bfrom reader's digest condensed books /cJohn T. Beaudouin, (Edt) aNew Yorkc1978. a262p. ;